<?xml version="1.0" encoding="UTF-8"?>
<marc:record xmlns:marc="http://www.loc.gov/MARC21/slim">
   <marc:leader>00000nam a2200000 a 4500</marc:leader>
   <marc:datafield ind1="1" ind2=" " tag="100">
      <marc:subfield code="a">Steinwede, Dietrich</marc:subfield>
      <marc:subfield code="4">edt</marc:subfield>
      <marc:subfield code="e">Bearbeiter/-in</marc:subfield>
   </marc:datafield>
   <marc:datafield ind1="0" ind2="0" tag="245">
      <marc:subfield code="a">Denn niemals hört die Liebe auf</marc:subfield>
   </marc:datafield>
   <marc:datafield ind1="0" ind2="0" tag="245">
      <marc:subfield code="b">Geschichten, Gedichte und Gedanken, die gut tun ; [ein Vorlesebuch</marc:subfield>
   </marc:datafield>
   <marc:datafield ind1="0" ind2="0" tag="245">
      <marc:subfield code="c">hrsg. von Dietrich Steinwede</marc:subfield>
   </marc:datafield>
   <marc:datafield ind1=" " ind2="1" tag="264">
      <marc:subfield code="a">Lahr</marc:subfield>
      <marc:subfield code="b">Kaufmann</marc:subfield>
      <marc:subfield code="c">2007</marc:subfield>
   </marc:datafield>
   <marc:datafield ind1=" " ind2=" " tag="250">
      <marc:subfield code="a">1. Aufl.</marc:subfield>
   </marc:datafield>
   <marc:datafield ind1="1" ind2=" " tag="520">
      <marc:subfield code="a">Angaben aus der Verlagsmeldung

Denn niemals hört die Liebe auf : Geschichten, Gedichte und Gedanken, die gut tun

Es könnte zutreffen, was Dichter und viele andere sagen, die Liebe sei das einzige, was zähle unter uns. Wie voll ist die Welt von Liebe. Liebesabenteuer, Liebesaffären gibt es zuhauf. Liebesfreud und Liebesleid, Liebesschmerz und Liebesglück wechseln einander ab. Liebesdramen ereignen sich. Liebeskummer quält die Seelen. Heimliche Liebe hingegen wärmt die Herzen.
Dietrich Steinwede versammelt in diesem Buch berührende Gedichte und Geschichten zum unerschöpflichen Thema Liebe – Texte, die gut tun und zum Nachdenken anregen. Das Buch will Begleiter sein für stille Lesestunden, die Texte eignen sich aber auch zum Vorlesen in größerem Kreis.

Aus dem Inhalt:
Wenn die Liebe erwacht.
Zärtlichkeit, Lust und Leidenschaft.
Die Unbedingtheit der Liebe.
Du und ich.
Liebende leben von der Vergebung.
Liebe, das sind Worte und Taten.
Gottes Liebe – Liebe zu Gott.
Niemals hört die Liebe auf.
</marc:subfield>
   </marc:datafield>
   <marc:datafield ind1=" " ind2=" " tag="020">
      <marc:subfield code="a">9783780630445</marc:subfield>
      <marc:subfield code="9">9783780630445</marc:subfield>
   </marc:datafield>
   <marc:datafield ind1=" " ind2=" " tag="020">
      <marc:subfield code="a">3780630443</marc:subfield>
      <marc:subfield code="9">3780630443</marc:subfield>
   </marc:datafield>
   <marc:datafield ind1=" " ind2=" " tag="041">
      <marc:subfield code="a">ger</marc:subfield>
   </marc:datafield>
   <marc:datafield ind1=" " ind2=" " tag="300">
      <marc:subfield code="a">136 S.</marc:subfield>
   </marc:datafield>
</marc:record>
